000 01434nam0a2200337 4500
001 RU\NLR\BIBL_A\011262120
005 20260409065352.0
021 _aRU
_b2016-80706
_95271
035 _a(NLR Aleph) 011262120
090 _a12221780
_c12221780
100 _a20161103d2016 k y0rusy50 ca
101 0 _arus
_deng
102 _aRU
105 _ay|||z|||000yy
200 1 _aПриближения вероятностных распределений функциями k-значной логики
_fА.Д. Яшунский
210 _aМосква
_cИПМ РАН
_d2016
215 _a7 с.
_d21
225 1 _aПрепринт
_fОрдена Ленина Ин-т приклад. математики им. М.В. Келдыша Рос. акад. наук
_x2071-2898
_v№ 58 за 2016 г.
225 1 _aПрепринты ИПМ им. М.В. Келдыша
_dKeldysh Institute preprints
_zeng
300 _aРез. на англ. яз.
320 _aБиблиогр.: с. 7 (3 назв.)
606 _aСлучайные величины
_xРаспределение
_91534658
_3RU\NLR\AUTH\66668669
606 _aМножества (мат.)
_3RU\NLR\AUTH\6626464
_9935132
686 1 _aВ171.3
686 1 _aВ161.41
700 1 _aЯшунский
_bА. Д.
_gАлексей Дмитриевич
942 _cBOOK
980 _aNBR
980 _aNB